000 00310nam a22001337a 4500
008 170829b xxu||||| |||| 00| 0 eng d
020 _a9780062732668
041 _aeng
080 _23RD
_a047
100 _a39
101 _aMED
245 _aTHE COMPLETE JOB INTERVIEW HANDBOOK
_cMARCUS,J,J
942 _2udc
_cBK
999 _c25441
_d25441